01242cam a22003494i 4500003000900000005001700009008004100026035001900067040003300086082001700119130003400136245032700170264010300497300002800600336002100628337002500649338002300674505002200697526001000719526001000729526001000739526001000749526000800759526000800767526000800775526000800783526000800791526000800799526000800807630004700815700003000862PE-LiUPU20250731173216.0150625s r 000 0 d a(Sirsi) a33079 aPE-LiUPUbspacPE-LiUPUerda04a225bB46221 aBiblia.pN.T.lGriego-Ingles.14aThe emphatic Diaglott :bcontaining the original Greek text of what is commonly styled the New Testament (according to the recension of J.J. Griesbach) with an interlineary word for word English translation : a new emphatic version .. to the whole of which is added a valuable alphabetical appendix /cpor Benjamin Wilson. 1aNew York :bInternational Bible Students Association : Watch Tower Bible and Tract Society,c1942. a923 páginas ;c17 cm. atext2rdacontent aunmediated2rdamedia avolume2rdacarrier0 aNuevo Testamento. aSEG42 aSEG41 aSEG40 aSEG39 aP94 aP87 aP86 aP85 aP77 aP76 aP35 aBiblia.pN.T.xTraducciones Interlineares.1 aWilson, Benjamin,d1817 .